000 00326nam a22001457a 4500
008 210309b ||||| |||| 00| 0 eng d
020 _a9780801899089
041 _aeng
080 _a94
082 _a94
100 _a16
101 _aHIS
245 _aStudies in Eighteenth-Century Culture
_cThomas, D.A
942 _2udc
_cBK
999 _c56052
_d56052